书目信息 |
| 题名: |
新编日本语能力考试1级词汇训练
|
|
| 作者: | 王润芳 , 周桂香 主编 | |
| 分册: | ||
| 出版信息: | 上海 东华大学出版社 2007.01 |
|
| 页数: | 161页 | |
| 开本: | 23cm | |
| 丛书名: | 新编日本语能力考试系列丛书 | |
| 单 册: | ||
| 中图分类: | H363-44 | |
| 科图分类: | ||
| 主题词: | 日语--ri yu--词汇--水平考试--习题 | |
| 电子资源: | ||
| ISBN: | 978-7-81111-169-9 | |
| 000 | 01125nam 2200277 450 | |
| 001 | 012008983172 | |
| 005 | 20080604104359.57 | |
| 010 | @a978-7-81111-169-9@dCNY17.00 | |
| 100 | @a20080603d2007 em y0chiy0120 ea | |
| 101 | 0 | @achi@ajpn |
| 102 | @aCN@b310000 | |
| 105 | @ay q 000yy | |
| 106 | @ar | |
| 200 | 1 | @a新编日本语能力考试1级词汇训练@Axin bian ri ben yu neng li kao shi 1 ji ci hui xun lian@f王润芳, 周桂香主编@Fwang run fang,zhou gui xiang zhu bian |
| 210 | @a上海@c东华大学出版社@d2007.01 | |
| 215 | @a161页@d23cm | |
| 225 | 2 | @a新编日本语能力考试系列丛书@Axin bian ri ben yu neng li kao shi xi lie cong shu |
| 330 | @a擅用音读、训读、音训混读的语言规则是学好日语的窍门。它教导学习者不要孤立地死记,而应以汉字的音训为依据,举一反三。 | |
| 410 | 0 | @12001 @a新编日本语能力考试系列丛书 |
| 517 | 1 | @a日本语能力考试1级词汇训练@Ari ben yu neng li kao shi 1 ji ci hui xun lian |
| 606 | 0 | @a日语@Ari yu@x词汇@x水平考试@j习题 |
| 690 | @aH363-44@v4 | |
| 701 | 0 | @a王润芳@Awang run fang@4主编 |
| 701 | 0 | @a周桂香@Azhou gui xiang@4主编 |
| 801 | 0 | @aCN@bQSSK@c20080604 |
| 905 | @b721712-14@dH363-44@eW321@f3 | |
| 新编日本语能力考试1级词汇训练/王润芳, 周桂香主编.-上海:东华大学出版社,2007.01 |
| 161页;23cm.-(新编日本语能力考试系列丛书) |
| ISBN 978-7-81111-169-9:CNY17.00 |
| 擅用音读、训读、音训混读的语言规则是学好日语的窍门。它教导学习者不要孤立地死记,而应以汉字的音训为依据,举一反三。 |
| ● |
| 相关链接 |
|
|
|
正题名:新编日本语能力考试1级词汇训练
索取号:H363-44/W321
 
预约/预借
| 序号 | 登录号 | 条形码 | 馆藏地/架位号 | 状态 | 备注 |
| 1 | 721712 | 207217126 | 语言库209/209语言库 127排2列3层/ [索取号:H363-44/W321] | 在馆 | |
| 2 | 721713 | 207217135 | 语言库209/209语言库 127排2列3层/ [索取号:H363-44/W321] | 在馆 | |
| 3 | 721714 | 207217144 | 语言库209/209语言库 127排2列3层/ [索取号:H363-44/W321] | 在馆 |